<?xml version="1.0" encoding="UTF-8"?><marc:collection xmlns:marc="http://www.loc.gov/MARC21/slim">
  <marc:record>
    <marc:leader>04006nas a2200661 c 4500</marc:leader>
    <marc:controlfield tag="001">010004432</marc:controlfield>
    <marc:controlfield tag="003">DE-101</marc:controlfield>
    <marc:controlfield tag="005">20250311204337.0</marc:controlfield>
    <marc:controlfield tag="007">tu</marc:controlfield>
    <marc:controlfield tag="008">991118c19239999fr q||p|  ||| 0||||1fre c</marc:controlfield>
    <marc:datafield tag="016" ind1="7" ind2=" ">
      <marc:subfield code="2">DE-600</marc:subfield>
      <marc:subfield code="a">538-1</marc:subfield>
    </marc:datafield>
    <marc:datafield tag="016" ind1="7" ind2=" ">
      <marc:subfield code="2">DE-101</marc:subfield>
      <marc:subfield code="a">010004432</marc:subfield>
    </marc:datafield>
    <marc:datafield tag="022" ind1=" " ind2=" ">
      <marc:subfield code="a">0003-9632</marc:subfield>
    </marc:datafield>
    <marc:datafield tag="035" ind1=" " ind2=" ">
      <marc:subfield code="a">(DE-599)ZDB538-1</marc:subfield>
    </marc:datafield>
    <marc:datafield tag="035" ind1=" " ind2=" ">
      <marc:subfield code="a">(OCoLC)1367302712</marc:subfield>
    </marc:datafield>
    <marc:datafield tag="040" ind1=" " ind2=" ">
      <marc:subfield code="a">9001</marc:subfield>
      <marc:subfield code="b">ger</marc:subfield>
      <marc:subfield code="c">DE-101</marc:subfield>
      <marc:subfield code="d">9999</marc:subfield>
    </marc:datafield>
    <marc:datafield tag="041" ind1=" " ind2=" ">
      <marc:subfield code="a">fre</marc:subfield>
    </marc:datafield>
    <marc:datafield tag="042" ind1=" " ind2=" ">
      <marc:subfield code="a">zdb</marc:subfield>
    </marc:datafield>
    <marc:datafield tag="044" ind1=" " ind2=" ">
      <marc:subfield code="c">XA-FR</marc:subfield>
    </marc:datafield>
    <marc:datafield tag="082" ind1="7" ind2="4">
      <marc:subfield code="a">100</marc:subfield>
      <marc:subfield code="q">DE-600</marc:subfield>
      <marc:subfield code="2">22sdnb</marc:subfield>
    </marc:datafield>
    <marc:datafield tag="084" ind1=" " ind2=" ">
      <marc:subfield code="a">PHILOS</marc:subfield>
      <marc:subfield code="q">DE-12</marc:subfield>
      <marc:subfield code="2">fid</marc:subfield>
    </marc:datafield>
    <marc:datafield tag="084" ind1=" " ind2=" ">
      <marc:subfield code="a">5,1</marc:subfield>
      <marc:subfield code="a">1</marc:subfield>
      <marc:subfield code="2">ssgn</marc:subfield>
    </marc:datafield>
    <marc:datafield tag="084" ind1=" " ind2=" ">
      <marc:subfield code="a">012000*zs</marc:subfield>
      <marc:subfield code="2">sbb</marc:subfield>
    </marc:datafield>
    <marc:datafield tag="084" ind1=" " ind2=" ">
      <marc:subfield code="a">CA 1000</marc:subfield>
      <marc:subfield code="2">rvk</marc:subfield>
    </marc:datafield>
    <marc:datafield tag="245" ind1="0" ind2="0">
      <marc:subfield code="a">Archives de philosophie</marc:subfield>
      <marc:subfield code="b">recherches et documentation</marc:subfield>
    </marc:datafield>
    <marc:datafield tag="246" ind1="1" ind2=" ">
      <marc:subfield code="i">Titelzusatz früher</marc:subfield>
      <marc:subfield code="a">recherches et documentation</marc:subfield>
    </marc:datafield>
    <marc:datafield tag="264" ind1="3" ind2="1">
      <marc:subfield code="a">Paris</marc:subfield>
      <marc:subfield code="b">Assoc. Centre Sèvres</marc:subfield>
      <marc:subfield code="c">1923-</marc:subfield>
    </marc:datafield>
    <marc:datafield tag="264" ind1=" " ind2="1">
      <marc:subfield code="3">anfangs</marc:subfield>
      <marc:subfield code="a">Paris</marc:subfield>
      <marc:subfield code="b">Beauchesne</marc:subfield>
    </marc:datafield>
    <marc:datafield tag="300" ind1=" " ind2=" ">
      <marc:subfield code="c">23 cm</marc:subfield>
    </marc:datafield>
    <marc:datafield tag="336" ind1=" " ind2=" ">
      <marc:subfield code="a">Text</marc:subfield>
      <marc:subfield code="b">txt</marc:subfield>
      <marc:subfield code="2">rdacontent</marc:subfield>
    </marc:datafield>
    <marc:datafield tag="337" ind1=" " ind2=" ">
      <marc:subfield code="a">ohne Hilfsmittel zu benutzen</marc:subfield>
      <marc:subfield code="b">n</marc:subfield>
      <marc:subfield code="2">rdamedia</marc:subfield>
    </marc:datafield>
    <marc:datafield tag="338" ind1=" " ind2=" ">
      <marc:subfield code="a">Band</marc:subfield>
      <marc:subfield code="b">nc</marc:subfield>
      <marc:subfield code="2">rdacarrier</marc:subfield>
    </marc:datafield>
    <marc:datafield tag="362" ind1="0" ind2=" ">
      <marc:subfield code="a">1.1923 - 15.1939; 16.1940/46 -</marc:subfield>
    </marc:datafield>
    <marc:datafield tag="363" ind1="0" ind2="1">
      <marc:subfield code="8">1.1\x</marc:subfield>
      <marc:subfield code="a">1</marc:subfield>
      <marc:subfield code="i">1923</marc:subfield>
    </marc:datafield>
    <marc:datafield tag="515" ind1=" " ind2=" ">
      <marc:subfield code="a">19.1955/56 - 20.1957 als N.S. gez.</marc:subfield>
    </marc:datafield>
    <marc:datafield tag="555" ind1="8" ind2=" ">
      <marc:subfield code="a">Index 1/54.1923/91 in: 54.1991</marc:subfield>
    </marc:datafield>
    <marc:datafield tag="650" ind1=" " ind2="7">
      <marc:subfield code="0">(DE-588)4045791-6</marc:subfield>
      <marc:subfield code="0">https://d-nb.info/gnd/4045791-6</marc:subfield>
      <marc:subfield code="0">(DE-101)040457915</marc:subfield>
      <marc:subfield code="a">Philosophie</marc:subfield>
      <marc:subfield code="9">rswk-swf</marc:subfield>
      <marc:subfield code="2">gnd</marc:subfield>
    </marc:datafield>
    <marc:datafield tag="655" ind1=" " ind2="7">
      <marc:subfield code="0">(DE-588)4067488-5</marc:subfield>
      <marc:subfield code="0">https://d-nb.info/gnd/4067488-5</marc:subfield>
      <marc:subfield code="0">(DE-101)040674886</marc:subfield>
      <marc:subfield code="a">Zeitschrift</marc:subfield>
      <marc:subfield code="2">gnd-content</marc:subfield>
    </marc:datafield>
    <marc:datafield tag="689" ind1="0" ind2="0">
      <marc:subfield code="0">(DE-588)4045791-6</marc:subfield>
      <marc:subfield code="0">https://d-nb.info/gnd/4045791-6</marc:subfield>
      <marc:subfield code="0">(DE-101)040457915</marc:subfield>
      <marc:subfield code="D">s</marc:subfield>
      <marc:subfield code="a">Philosophie</marc:subfield>
    </marc:datafield>
    <marc:datafield tag="689" ind1="0" ind2=" ">
      <marc:subfield code="5">DE-5</marc:subfield>
      <marc:subfield code="5">DE-605</marc:subfield>
    </marc:datafield>
    <marc:datafield tag="710" ind1="2" ind2=" ">
      <marc:subfield code="0">(DE-588)669906-6</marc:subfield>
      <marc:subfield code="0">https://d-nb.info/gnd/669906-6</marc:subfield>
      <marc:subfield code="0">(DE-101)006699065</marc:subfield>
      <marc:subfield code="a">Centre Sèvres</marc:subfield>
      <marc:subfield code="e">Herausgebendes Organ</marc:subfield>
      <marc:subfield code="4">isb</marc:subfield>
      <marc:subfield code="2">gnd</marc:subfield>
    </marc:datafield>
    <marc:datafield tag="770" ind1="0" ind2="8">
      <marc:subfield code="i">Supplement</marc:subfield>
      <marc:subfield code="t">Bulletin de philosophie anglaise</marc:subfield>
      <marc:subfield code="d">Paris : Centre Sèvres, Facultés Jésuites de Paris, avril 2022-</marc:subfield>
      <marc:subfield code="w">(DE-600)3119362-6</marc:subfield>
      <marc:subfield code="w">(DE-101)1257699245</marc:subfield>
    </marc:datafield>
    <marc:datafield tag="770" ind1="0" ind2="8">
      <marc:subfield code="i">Supplement</marc:subfield>
      <marc:subfield code="n">58.1995 darin, ab 62.1999 Beil.</marc:subfield>
      <marc:subfield code="t">Bulletin d'esthétique</marc:subfield>
      <marc:subfield code="d">Paris : Beauchesne, 1995-1999</marc:subfield>
      <marc:subfield code="w">(DE-600)1497488-5</marc:subfield>
      <marc:subfield code="w">(DE-101)019901623</marc:subfield>
    </marc:datafield>
    <marc:datafield tag="770" ind1="0" ind2="8">
      <marc:subfield code="i">Supplement</marc:subfield>
      <marc:subfield code="t">Bulletin Hobbes</marc:subfield>
      <marc:subfield code="d">Paris : Association Centre Sèvres, 1988-[2016]</marc:subfield>
      <marc:subfield code="w">(DE-600)227667-7</marc:subfield>
      <marc:subfield code="w">(DE-101)011356979</marc:subfield>
    </marc:datafield>
    <marc:datafield tag="770" ind1="0" ind2="8">
      <marc:subfield code="i">Supplement</marc:subfield>
      <marc:subfield code="t">Bulletin de philosophie du Moyen Âge ...</marc:subfield>
      <marc:subfield code="d">Paris : Association Centre Sèvres, 1997-</marc:subfield>
      <marc:subfield code="w">(DE-600)1403390-2</marc:subfield>
      <marc:subfield code="w">(DE-101)018982794</marc:subfield>
    </marc:datafield>
    <marc:datafield tag="770" ind1="0" ind2="8">
      <marc:subfield code="i">Supplement</marc:subfield>
      <marc:subfield code="t">Bulletin cartésien</marc:subfield>
      <marc:subfield code="d">Paris : Association Centre Sèvres, 1972-</marc:subfield>
      <marc:subfield code="w">(DE-600)135722-0</marc:subfield>
      <marc:subfield code="w">(DE-101)01079008X</marc:subfield>
    </marc:datafield>
    <marc:datafield tag="770" ind1="0" ind2="8">
      <marc:subfield code="i">Supplement</marc:subfield>
      <marc:subfield code="t">Bulletin de bibliographie spinoziste</marc:subfield>
      <marc:subfield code="d">Paris : Association Centre Sèvres, 1979-</marc:subfield>
      <marc:subfield code="w">(DE-600)718363-X</marc:subfield>
      <marc:subfield code="w">(DE-101)013883135</marc:subfield>
    </marc:datafield>
    <marc:datafield tag="770" ind1="0" ind2="8">
      <marc:subfield code="i">Supplement</marc:subfield>
      <marc:subfield code="t">Bulletin de littérature hégélienne</marc:subfield>
      <marc:subfield code="d">Paris : Association Centre Sèvres, 1970-</marc:subfield>
      <marc:subfield code="w">(DE-600)149533-1</marc:subfield>
      <marc:subfield code="w">(DE-101)010887466</marc:subfield>
    </marc:datafield>
    <marc:datafield tag="770" ind1="0" ind2="8">
      <marc:subfield code="i">Supplement</marc:subfield>
      <marc:subfield code="t">Bulletin Leibniz</marc:subfield>
      <marc:subfield code="d">Paris : Beauchesne, 1993-1993</marc:subfield>
      <marc:subfield code="w">(DE-600)1161729-9</marc:subfield>
      <marc:subfield code="w">(DE-101)016899008</marc:subfield>
    </marc:datafield>
    <marc:datafield tag="770" ind1="0" ind2="8">
      <marc:subfield code="i">Supplement</marc:subfield>
      <marc:subfield code="t">Bulletin bibliographique et critique de philosophie de la Renaissance</marc:subfield>
      <marc:subfield code="d">Paris : Beauchesne, 2001-2001</marc:subfield>
      <marc:subfield code="w">(DE-600)2051858-4</marc:subfield>
      <marc:subfield code="w">(DE-101)022026134</marc:subfield>
    </marc:datafield>
    <marc:datafield tag="770" ind1="0" ind2="8">
      <marc:subfield code="i">Supplement</marc:subfield>
      <marc:subfield code="t">Bulletin heideggérien</marc:subfield>
      <marc:subfield code="d">Paris : Centre Sèvres, 2011-2011</marc:subfield>
      <marc:subfield code="w">(DE-600)2622613-3</marc:subfield>
      <marc:subfield code="w">(DE-101)1014194946</marc:subfield>
    </marc:datafield>
    <marc:datafield tag="770" ind1="0" ind2="8">
      <marc:subfield code="i">Supplement</marc:subfield>
      <marc:subfield code="t">Bulletin leibnizien</marc:subfield>
      <marc:subfield code="d">Paris : Assoc. Centre Sèvres, 2015-</marc:subfield>
      <marc:subfield code="w">(DE-600)2829241-8</marc:subfield>
      <marc:subfield code="w">(DE-101)1074273532</marc:subfield>
    </marc:datafield>
    <marc:datafield tag="770" ind1="0" ind2="8">
      <marc:subfield code="i">Supplement</marc:subfield>
      <marc:subfield code="t">Bulletin d'études hobbesiennes</marc:subfield>
      <marc:subfield code="d">Paris : Centre Sèvres, [2018-2020]</marc:subfield>
      <marc:subfield code="w">(DE-600)2962172-0</marc:subfield>
      <marc:subfield code="w">(DE-101)1177826682</marc:subfield>
    </marc:datafield>
    <marc:datafield tag="770" ind1="0" ind2="8">
      <marc:subfield code="i">Supplement</marc:subfield>
      <marc:subfield code="t">Bulletin de philosophie du Moyen Âge ...</marc:subfield>
      <marc:subfield code="d">Paris : Association Centre Sèvres, 1997-</marc:subfield>
      <marc:subfield code="w">(DE-600)1403390-2</marc:subfield>
      <marc:subfield code="w">(DE-101)018982794</marc:subfield>
    </marc:datafield>
    <marc:datafield tag="776" ind1="0" ind2="8">
      <marc:subfield code="i">Erscheint auch als</marc:subfield>
      <marc:subfield code="n">Online-Ausgabe</marc:subfield>
      <marc:subfield code="t">Archives de philosophie</marc:subfield>
      <marc:subfield code="d">Paris : Assoc. Centre Sèvres, 1923-</marc:subfield>
      <marc:subfield code="h">Online-Ressource</marc:subfield>
      <marc:subfield code="x">1769-681X</marc:subfield>
      <marc:subfield code="w">(DE-600)2208546-4</marc:subfield>
      <marc:subfield code="w">(DE-101)976924587</marc:subfield>
    </marc:datafield>
    <marc:datafield tag="776" ind1="0" ind2="8">
      <marc:subfield code="i">Elektronische Reproduktion</marc:subfield>
      <marc:subfield code="t">Archives de philosophie</marc:subfield>
      <marc:subfield code="d">Paris : Beauchesne, 1923-1926</marc:subfield>
      <marc:subfield code="h">Online-Ressource</marc:subfield>
      <marc:subfield code="x">0003-9632</marc:subfield>
      <marc:subfield code="w">(DE-600)2108528-6</marc:subfield>
      <marc:subfield code="w">(DE-101)024659657</marc:subfield>
    </marc:datafield>
    <marc:datafield tag="787" ind1="0" ind2="8">
      <marc:subfield code="i">2,2=1922/23; 3,3=1926; 4,4=1927; 5,3=1928; 6,4=1929 von</marc:subfield>
      <marc:subfield code="t">Bibliographie critique</marc:subfield>
      <marc:subfield code="d">Paris : Beauchesne, 1924-1929</marc:subfield>
      <marc:subfield code="w">(DE-600)1374396-X</marc:subfield>
      <marc:subfield code="w">(DE-101)018702864</marc:subfield>
    </marc:datafield>
    <marc:datafield tag="850" ind1=" " ind2=" ">
      <marc:subfield code="a">DE-101b</marc:subfield>
    </marc:datafield>
  </marc:record>
</marc:collection>
